Topografía : (Registro nro. 3650)
[ vista simple ]
| 000 -LEADER | |
|---|---|
| fixed length control field | 01114nam a22002417a 4500 |
| 003 - CONTROL NUMBER IDENTIFIER | |
| control field | PE SENCICO BE |
| 005 - DATE AND TIME OF LATEST TRANSACTION | |
| control field | 20251020182621.0 |
| 008 - FIXED-LENGTH DATA ELEMENTS--GENERAL INFORMATION | |
| fixed length control field | 221128b |||a|||| |||| 00| 0 eng d |
| 020 ## - INTERNATIONAL STANDARD BOOK NUMBER | |
| International Standard Book Number | 978-84-9048-260-5 |
| 040 ## - CATALOGING SOURCE | |
| Original cataloging agency | PE SENCICO BE |
| Transcribing agency | PE SENCICO BE |
| 041 ## - LANGUAGE CODE | |
| Language code of text/sound track or separate title | spa |
| 082 ## - DEWEY DECIMAL CLASSIFICATION NUMBER | |
| Classification number | 526.9 |
| Item number | P86 |
| 100 1# - MAIN ENTRY--PERSONAL NAME | |
| 9 (RLIN) | 127 |
| Personal name | Priego de los Santos, Enrique |
| Relator term | autor |
| 245 1# - TITLE STATEMENT | |
| Title | Topografía : |
| Remainder of title | instrumentación y observaciones topográficas / |
| Statement of responsibility, etc. | Enrique Priego de los Santos |
| 260 ## - PUBLICATION, DISTRIBUTION, ETC. | |
| Place of publication, distribution, etc. | Madrid: |
| Name of publisher, distributor, etc. | Universitat Politecnica de Valencia, |
| Date of publication, distribution, etc. | 2015. |
| 300 ## - PHYSICAL DESCRIPTION | |
| Extent | vi, 177 páginas : |
| Other physical details | ilustraciones, diagramas ; |
| Dimensions | 24 cm. |
| 505 0# - FORMATTED CONTENTS NOTE | |
| Formatted contents note | Conceptos generales de la ingeniería geomática -- Conceptos generales de la ingeniería topográfica -- Instrumentación topográfica clásica -- Instrumentación topográfica electrónica --Observaciones topográficas -- Sistemas globales de navegación por satélite. |
| 650 10 - SUBJECT ADDED ENTRY--TOPICAL TERM | |
| Topical term or geographic name entry element | Topografía |
| 9 (RLIN) | 4 |
| 650 20 - SUBJECT ADDED ENTRY--TOPICAL TERM | |
| Topical term or geographic name entry element | Geografía matemática |
| 9 (RLIN) | 128 |
| 650 20 - SUBJECT ADDED ENTRY--TOPICAL TERM | |
| Topical term or geographic name entry element | Sistemas de Información Geográfica (SIG) |
| 9 (RLIN) | 125 |
| 910 ## - USER-OPTION DATA (OCLC) | |
| -- | hfp |
| -- | hfp |
| 942 ## - ADDED ENTRY ELEMENTS (KOHA) | |
| Source of classification or shelving scheme | Dewey Decimal Classification |
| Koha item type | Libros |
| Classification part | 526.9 |
| Item part | P86 |
| Fecha de la última vez que lo usaron | Número de ingreso o de inventario | Pago total | Signatura topográfica completa | Código de barras | Precio efectivo desde | Tipo de documento | Estado perdido | Sistema de clasificación | Estado dañado | No es para préstamo | Retirado | Ubicación permanente | Ubicación actual | Fecha de adquisición | Número de ejemplar | Fuente de adquisición |
|---|---|---|---|---|---|---|---|---|---|---|---|---|---|---|---|---|
| 28/11/2022 | 16551 | 526.9/P86 | BibLima25100010 | 28/11/2022 | Libros | Dewey Decimal Classification | Biblioteca Central Lima | Biblioteca Central Lima | 28/11/2022 | |||||||
| 10/08/2023 | 16625 | 526.9/P86/ej. 2 | BibLima25070066 | 10/08/2023 | Libros | Dewey Decimal Classification | Biblioteca Central Lima | Biblioteca Central Lima | 02/08/2023 | 2 | Comprado de la librería CELI |